[Event "Memorial Perezzani 2018"]
[Site "?"]
[Date "2018.04.13"]
[Round "1.1"]
[White "De Luca, Stefano"]
[Black "Rizzi, Matilde"]
[Result "1/2-1/2"]
[WhiteElo "1458"]
[BlackElo "1403"]
[PlyCount "42"]
[EventDate "2018.??.??"]

1. d4 d5 2. Bf4 Nc6 3. e3 Bf5 4. a3 e6 5. Nf3 Bd6 6. Bg3 Bxg3 7. hxg3 a6 8. c4
Nf6 9. Nc3 Qd7 10. c5 h6 11. b4 Na7 12. a4 Ne4 13. Qb3 Nxc3 14. Qxc3 f6 15. Be2
Be4 16. Bd3 Bxd3 $11 17. Qxd3 Qf7 18. O-O O-O 19. Rfe1 Nc8 20. b5 a5 21. Nd2
Ne7 1/2-1/2

[Event "Memorial Perezzani 2018"]
[Site "?"]
[Date "2018.04.13"]
[Round "1.2"]
[White "Gazzola, Andrea"]
[Black "Leo, Giovanni"]
[Result "1/2-1/2"]
[WhiteElo "1382"]
[BlackElo "1453"]
[PlyCount "47"]
[EventDate "2018.??.??"]

1. d4 e6 2. c4 Nf6 3. Nc3 Bb4 4. Nf3 Bxc3+ 5. bxc3 b6 6. Bg5 Bb7 7. e3 d6 8.
Bd3 Nbd7 9. O-O O-O 10. Re1 Re8 11. e4 e5 12. d5 h6 13. Bh4 Nf8 14. Bc2 Ng6 15.
Bxf6 Qxf6 16. Ba4 Rf8 17. Re3 Bc8 18. Ne1 Qe7 19. Bc2 Nf4 20. Nd3 Qg5 21. Rg3
Qf6 22. Qd2 Ng6 23. Re1 Qe7 24. Bd1 1/2-1/2

[Event "Memorial Perezzani 2018"]
[Site "?"]
[Date "2018.04.13"]
[Round "1.3"]
[White "Peloni, Giuseppe"]
[Black "Zanetti, Luca"]
[Result "1/2-1/2"]
[WhiteElo "1449"]
[BlackElo "1363"]
[PlyCount "95"]
[EventDate "2018.??.??"]

1. e4 e6 2. d4 d5 3. Nc3 c5 4. Nf3 Nc6 5. Be3 c4 6. Be2 Bb4 7. e5 Nge7 8. Bd2
Qb6 9. Na4 Bxd2+ 10. Qxd2 Qb4 11. Qxb4 Nxb4 12. Bd1 O-O 13. a3 Na6 14. Nc3 Bd7
15. Ne2 Rfb8 16. c3 b5 17. O-O Rb6 18. Ng3 Nc7 19. Ng5 Be8 20. Bc2 g6 21. h4 a5
22. f3 Rba6 23. Nh3 Nc6 24. Nf2 b4 25. Ng4 b3 26. Bd1 Ne7 27. Nf6+ Kh8 28. Kf2
Ng8 29. h5 Nxf6 30. exf6 Bd7 31. Rh1 Rf8 32. Ne2 Rg8 33. Rh4 Be8 34. Ng3 Nb5
35. Be2 Nd6 36. Rah1 Ra7 37. hxg6 fxg6 38. f4 Rf7 39. Bg4 Bd7 40. Nf1 Ne4+ 41.
Ke3 Nxf6 42. Nd2 Nxg4+ 43. Rxg4 e5 44. Rgh4 exf4+ 45. Kf2 Rgg7 46. Nf3 g5 47.
Rh6 g4 48. Ne5 1/2-1/2

[Event "Memorial Perezzani 2018"]
[Site "?"]
[Date "2018.04.13"]
[Round "1.4"]
[White "Bison, Ismaele"]
[Black "Pizzamano, Maria"]
[Result "0-1"]
[WhiteElo "1356"]
[BlackElo "1446"]
[PlyCount "114"]
[EventDate "2018.??.??"]

1. e4 e5 2. Nf3 Nc6 3. Nc3 Nf6 4. Bc4 Bb4 5. a3 Bxc3 6. bxc3 O-O 7. O-O Nxe4 8.
Bb2 d6 9. Qe2 Nf6 10. h3 Bf5 11. d3 h6 12. Nh4 Bh7 13. Nf3 Re8 14. Nd2 e4 15.
d4 d5 16. Bb3 Qd6 17. c4 Rad8 18. c5 Qe6 19. c4 Na5 20. cxd5 Nxd5 21. Ba2 Nc6
22. Rac1 Nf4 23. Qc4 Qxc4 24. Bxc4 Nxd4 25. Kh1 Nd3 26. Rb1 Nxf2+ 27. Rxf2 e3
28. Bxf7+ Kh8 29. Bxe8 exf2 30. Rf1 Ne2 31. Rxf2 Rxe8 32. Rf7 Ng3+ 33. Kh2 Nh5
34. Rxc7 Re2 35. Nc4 Be4 36. Kg1 Rxg2+ 37. Kf1 Rc2 38. Nd6 Bg2+ 39. Ke1 Rxb2
40. Nc4 Ra2 41. Re7 Nf4 42. Kd1 Nxh3 43. Ne3 Bf3+ 44. Kc1 Rxa3 45. Nf5 Rc3+ 46.
Kd2 Rxc5 47. Nxg7 Ng5 48. Ne8 Bc6 49. Ng7 Rd5+ 50. Kc3 Rd7 51. Rxd7 Bxd7 52.
Nh5 a5 53. Kc4 b5+ 54. Kb3 a4+ 55. Kb4 Bg4 56. Nf6 h5 57. Kxb5 a3 0-1

[Event "Memorial Perezzani 2018"]
[Site "?"]
[Date "2018.04.13"]
[Round "1.5"]
[White "Trigili, Franco"]
[Black "Fonovic, Fabian Pavel"]
[Result "0-1"]
[WhiteElo "1446"]
[BlackElo "1332"]
[PlyCount "76"]
[EventDate "2018.??.??"]

1. Nf3 e6 2. e4 d5 3. exd5 exd5 4. d4 Bg4 5. Be2 Bd6 6. O-O Ne7 7. Qd3 Bf5 8.
Qb5+ Nbc6 9. c3 O-O 10. b4 a5 11. Bd2 axb4 12. cxb4 Qd7 13. a3 Ra6 14. Rc1 Rfa8
15. Qxb7 R6a7 16. Qb5 Rb8 17. Qxb8+ Nxb8 18. Nc3 c6 19. Nh4 Bg4 20. f3 Bh5 21.
Bd3 Qc7 22. g3 Bxg3 23. hxg3 Qxg3+ 24. Ng2 Bxf3 25. Bf1 Nf5 26. Bf4 Qg4 27.
Bxb8 Qxd4+ 28. Kh2 Rb7 29. Bg3 h5 30. Ne2 Qg4 31. Nh4 Nxh4 32. Bh3 Qe4 33. Nf4
g5 34. Re1 Qc2+ 35. Ng2 Nxg2 36. Re8+ Kh7 37. Be5 Nf4+ 38. Kg3 h4+ 0-1

[Event "Memorial Perezzani 2018"]
[Site "?"]
[Date "2018.04.13"]
[Round "1.6"]
[White "Scandiuzzi, Roberto"]
[Black "Mulone, Gaspare"]
[Result "0-1"]
[WhiteElo "1330"]
[BlackElo "1443"]
[PlyCount "32"]
[EventDate "2018.??.??"]

1. d4 e6 2. c4 d6 3. Nc3 Be7 4. Nf3 Nf6 5. Bg5 O-O 6. e3 Nbd7 7. Be2 c5 8. O-O
cxd4 9. Nxd4 a6 10. b3 Nc5 11. Bf3 Rb8 12. Qc2 e5 13. Nf5 Bxf5 14. Qxf5 g6 15.
Qc2 Ne6 16. Bxf6 Bxf6 {(76) seguito irricostruibile} 0-1

[Event "Memorial Perezzani 2018"]
[Site "?"]
[Date "2018.04.13"]
[Round "1.7"]
[White "Pesavento, Mosè"]
[Black "Fasoli, Michele"]
[Result "1-0"]
[WhiteElo "1440"]
[BlackElo "1328"]
[PlyCount "145"]
[EventDate "2018.??.??"]

1. e4 c5 2. Nc3 e6 3. Bc4 Nc6 4. Nf3 d6 5. O-O Nf6 6. d3 Be7 7. Bb5 O-O 8. Bxc6
bxc6 9. d4 cxd4 10. Nxd4 Bb7 11. Bg5 a6 12. Re1 e5 13. Nf5 g6 14. Nxe7+ Qxe7
15. Qf3 Kg7 16. Rad1 h6 17. Bxf6+ Qxf6 18. Qxf6+ Kxf6 19. Rxd6+ Kg7 20. Rd7
Rab8 21. h3 Rfd8 22. Red1 Rxd7 23. Rxd7 Kf6 24. Kh2 Ke6 25. Rc7 Kf6 26. Kg3 a5
27. f4 exf4+ 28. Kxf4 g5+ 29. Kg4 Kg6 30. h4 gxh4 31. Kxh4 h5 32. g4 hxg4 33.
Kxg4 Kf6 34. e5+ Kxe5 35. Rxf7 Rg8+ 36. Kh5 Ba8 37. Re7+ Kf5 38. Rf7+ Ke5 39.
Kh6 Ke6 40. Rf3 Ke5 41. Rf7 Rh8+ 42. Kg7 Ke6 43. Kxh8 Kxf7 44. Ne4 Ke6 45. Nc5+
Kd6 46. Nd3 c5 47. c4 Be4 48. Nf2 Bb1 49. a3 a4 50. Kg7 Ba2 51. Ne4+ Kc6 52.
Nc3 Bxc4 53. Nxa4 Bb3 54. Nc3 c4 55. Kf6 Kc5 56. Ke5 Bc2 57. Ne4+ Kb5 58. Kd4
Bb3 59. Nd2 Bd1 60. Nxc4 Ka4 61. Kc3 Kb5 62. b3 Bf3 63. a4+ Kc5 64. b4+ Kd5 65.
a5 Be2 66. a6 Bxc4 67. a7 Bb5 68. a8=Q+ Bc6 69. Qd8+ Ke6 70. Kd4 Bb5 71. Qb6+
Kf5 72. Qxb5+ Kf4 73. Qe2 1-0

[Event "Memorial Perezzani 2018"]
[Site "?"]
[Date "2018.04.13"]
[Round "1.8"]
[White "Morandini, Alessandro"]
[Black "Pozza, Davide Ivo"]
[Result "1-0"]
[WhiteElo "1326"]
[BlackElo "1440"]
[PlyCount "63"]
[EventDate "2018.??.??"]

1. d4 Nf6 2. Nf3 g6 3. Nbd2 Bg7 4. e4 d5 5. e5 Ng4 6. h3 Nh6 7. Bd3 Bf5 8. Nf1
e6 9. Ng3 Bxd3 10. Qxd3 f5 11. Qb5+ Qd7 12. Qxb7 Qc6 13. Qxc6+ Nxc6 14. c3 O-O
15. Bf4 Rab8 16. b4 a5 17. a3 Ra8 18. b5 Na7 19. a4 c6 20. b6 Nb5 21. axb5 cxb5
22. Ng5 Rfe8 23. O-O Ra6 24. Rfb1 Rxb6 25. Rxa5 Reb8 26. Rba1 Bf8 27. Ra8 R8b7
28. Nxe6 Rxe6 29. Bxh6 Rf7 30. Bxf8 Rxf8 31. Rxf8+ Kxf8 32. Ra8+ 1-0

[Event "Memorial Perezzani 2018"]
[Site "?"]
[Date "2018.04.13"]
[Round "1.9"]
[White "Di Buono, Giovanni"]
[Black "Cisco, Alberto"]
[Result "1-0"]
[WhiteElo "1440"]
[BlackElo "1321"]
[PlyCount "137"]
[EventDate "2018.??.??"]

1. d4 d5 2. Nf3 Nc6 3. Bf4 Nf6 4. e3 Bf5 5. c3 a6 6. Bd3 Ne4 7. Qe2 e6 8. Nbd2
Bd6 9. Bg3 O-O 10. Ne5 Qe8 11. f4 f6 12. Nef3 Qg6 13. Nh4 Qg4 14. Nxf5 Qxf5 15.
Nxe4 dxe4 16. Bc2 Qg6 17. Bb3 f5 18. O-O-O Na5 19. Bc2 b5 20. d5 Rad8 21. Kb1
Qf7 22. dxe6 Qxe6 23. Bh4 Be7 24. Bf2 Nc4 25. h3 c6 26. g4 a5 27. a4 b4 28. Bb3
Na3+ 29. bxa3 Qxb3+ 30. Ka1 Qxa3+ 31. Qa2+ b3 32. Qxa3 Bxa3 33. Rxd8 Rxd8 34.
Rb1 Rb8 35. g5 c5 36. c4 Rb4 37. Be1 Rxc4 38. Bxa5 Rc2 39. Rxb3 Bc1 40. Bb6 c4
41. Rb5 c3 42. Rb3 Bb2+ 43. Ka2 Rh2 44. Bd4 Bc1+ 45. Kb1 Rh1 46. Kc2 Bb2 47.
Bxc3 Bxc3 48. Kxc3 Rc1+ 49. Kb4 Rc8 50. a5 Ra8 51. Ka4 Kf7 52. Rb7+ Ke6 53. Kb5
Kd6 54. Kb6 Kd5 55. a6 Kc4 56. a7 Kd3 57. Rb8 Rxa7 58. Kxa7 Kxe3 59. Kb6 Kf2
60. Kc5 e3 61. Rb1 e2 62. Kd5 g6 63. Ke5 Kf3 64. Re1 Kf2 65. Rb1 Kg3 66. h4
Kxh4 67. Re1 Kh5 68. Rxe2 h6 69. Rh2+ 1-0

[Event "Memorial Perezzani 2018"]
[Site "?"]
[Date "2018.04.13"]
[Round "1.10"]
[White "Valtemara, Luca Francesco"]
[Black "Mai, Daniele"]
[Result "0-1"]
[WhiteElo "1314"]
[BlackElo "1424"]
[PlyCount "72"]
[EventDate "2018.??.??"]

1. e4 c5 2. Bc4 e6 3. Nc3 Nc6 4. Nf3 a6 5. a3 b5 6. Ba2 Bb7 7. b4 cxb4 8. axb4
Nxb4 9. Ba3 Nxa2 10. Bxf8 Nxc3 11. dxc3 Kxf8 12. O-O Ne7 13. Qe2 f6 14. Rfd1
Kf7 15. Rd2 Re8 16. Rad1 d5 17. Qe3 Kg8 18. exd5 Nxd5 19. Qd4 Qb6 20. Qxb6 Nxb6
21. Rd6 Bxf3 22. R1d3 Be4 23. R3d4 Nc4 24. Rd7 Bd5 25. Rg4 g6 26. Rh4 h5 27.
Rf4 f5 28. Rd4 Rad8 29. Ra7 Ra8 30. h3 Rxa7 31. Rxc4 Bxc4 32. g4 f4 33. gxh5
Rd7 34. hxg6 Rd1+ 35. Kg2 Bd5+ 36. Kh2 Rh1# 0-1

[Event "Memorial Perezzani 2018"]
[Site "?"]
[Date "2018.04.13"]
[Round "1.11"]
[White "Castelli, Edmondo"]
[Black "Venturini, Valter"]
[Result "1-0"]
[WhiteElo "1414"]
[BlackElo "1313"]
[PlyCount "111"]
[EventDate "2018.??.??"]

1. e4 d6 2. d4 Nf6 3. Nc3 g6 4. Bc4 Bg7 5. f3 O-O 6. Be3 e5 7. d5 Nbd7 8. Qd2
a6 9. O-O-O b5 10. Bb3 Nb6 11. Bh6 Nfd7 12. h4 Nc5 13. h5 Nxb3+ 14. axb3 f5 15.
hxg6 f4 16. Bxg7 Kxg7 17. Rxh7+ Kxg6 18. Rh1 Bd7 19. g4 b4 20. Nb1 Rh8 21. Rxh8
Qxh8 22. Qxb4 Rb8 23. Ne2 Nc4 24. Qe1 Ne3 25. Rd2 a5 26. Nec3 a4 27. bxa4 Nc4
28. b3 Nxd2 29. Nxd2 Qh6 30. Kb2 Rh8 31. Ndb1 Qh1 32. Qxh1 Rxh1 33. a5 Bc8 34.
Nd2 Rh8 35. b4 Bb7 36. Nb5 Rh2 37. Kc3 Rh7 38. Na3 c6 39. dxc6 Rc7 40. b5 Bc8
41. Nac4 Be6 42. Nxd6 Bd7 43. Kb4 Bxc6 44. bxc6 Rxc6 45. N2c4 Kg5 46. Kb5 Rc7
47. Kb6 Rh7 48. a6 Kh4 49. Nxe5 Kg3 50. a7 Re7 51. Nc6 Rxa7 52. Kxa7 Kxf3 53.
g5 Ke3 54. g6 f3 55. Nc4+ Ke2 56. Nd4+ 1-0

[Event "Memorial Perezzani 2018"]
[Site "?"]
[Date "2018.04.14"]
[Round "2.1"]
[White "Pizzamano, Maria"]
[Black "Castelli, Edmondo"]
[Result "1-0"]
[WhiteElo "1446"]
[BlackElo "1414"]
[PlyCount "55"]
[EventDate "2018.??.??"]

1. e4 e6 2. d4 d5 3. exd5 exd5 4. Nf3 Nf6 5. Bg5 Be7 6. h3 O-O 7. Bd3 h6 8. Bh4
Be6 9. O-O Nbd7 10. Nbd2 c5 11. c3 c4 12. Bc2 b5 13. a3 a5 14. Re1 a4 15. Ne5
Nxe5 16. dxe5 Nd7 17. Bxe7 Qxe7 18. Nf3 Rab8 19. Nd4 Qc5 20. Re3 Qc7 21. Qh5
Nc5 22. Rae1 f6 23. exf6 Bf7 24. Qf5 g6 25. Qg4 Kh7 26. Rg3 Rg8 27. Re7 h5 28.
Qxh5# 1-0

[Event "Memorial Perezzani 2018"]
[Site "?"]
[Date "2018.04.14"]
[Round "2.2"]
[White "Mulone, Gaspare"]
[Black "Morandini, Alessandro"]
[Result "1/2-1/2"]
[WhiteElo "1443"]
[BlackElo "1326"]
[PlyCount "76"]
[EventDate "2018.??.??"]

1. e4 b6 2. d4 Bb7 3. f3 e6 4. Bd2 Be7 5. Bd3 d6 6. Ne2 Nf6 7. O-O d5 8. e5
Nfd7 9. Be3 c5 10. c3 cxd4 11. cxd4 Nc6 12. a3 Rc8 13. Nd2 O-O 14. f4 f5 15.
Rc1 Rc7 16. b4 Ncb8 17. Rxc7 Qxc7 18. Qc2 Qxc2 19. Bxc2 Ba6 20. Kf2 Rc8 21. Bb3
b5 22. Rc1 Nb6 23. Rxc8+ Bxc8 24. Nc1 Nc4 25. Nb1 Bd7 26. Nd3 a5 27. Nc5 Nxe3
28. Kxe3 axb4 29. axb4 Bxc5 30. bxc5 b4 31. Nd2 Bb5 32. Bc2 Nc6 33. Bd3 Bxd3
34. Kxd3 h6 35. Nb3 g5 36. Ke3 Kg7 37. g3 Kg6 38. Kf3 g4+ 1/2-1/2

[Event "Memorial Perezzani 2018"]
[Site "?"]
[Date "2018.04.14"]
[Round "2.3"]
[White "Mai, Daniele"]
[Black "Di Buono, Giovanni"]
[Result "0-1"]
[WhiteElo "1424"]
[BlackElo "1440"]
[PlyCount "78"]
[EventDate "2018.??.??"]

1. d4 Nf6 2. c4 g6 3. Nc3 d6 4. Nf3 Bg7 5. Bg5 O-O 6. Qd2 Re8 7. g3 Nbd7 8. e4
e5 9. Bg2 c6 10. d5 Qc7 11. Rc1 a5 12. O-O Nc5 13. Bxf6 Bxf6 14. Rfd1 Be7 15.
Ne1 Bg4 16. f3 Bd7 17. Nd3 Qb6 18. Qf2 Qa7 19. Nxc5 dxc5 20. d6 Bg5 21. Rb1
Rad8 22. Rd3 Rf8 23. Rbd1 Bh6 24. Qf1 Bg7 25. Bh3 f5 26. Qg2 b5 27. cxb5 c4+
28. Qf2 Qxf2+ 29. Kxf2 cxd3 30. Rxd3 cxb5 31. Rd5 b4 32. Ne2 a4 33. exf5 gxf5
34. Rc5 e4 35. b3 axb3 36. axb3 Be6 37. Rc6 Bxb3 38. Nf4 Be5 39. Rb6 Bd4+ 0-1

[Event "Memorial Perezzani 2018"]
[Site "?"]
[Date "2018.04.14"]
[Round "2.4"]
[White "Fonovic, Fabian Pavel"]
[Black "Pesavento, Mosè"]
[Result "1-0"]
[WhiteElo "1332"]
[BlackElo "1440"]
[PlyCount "43"]
[EventDate "2018.??.??"]

1. d4 d5 2. Nf3 Nc6 3. Bf4 Bf5 4. c3 Nf6 5. e3 a6 6. Bd3 Bxd3 7. Qxd3 h6 8.
Nbd2 e6 9. h4 Bd6 10. Ne5 O-O 11. Ndf3 Bxe5 12. dxe5 Nh5 13. Bh2 f6 14. g4 fxe5
15. Nxe5 Nxe5 16. Bxe5 Nf6 17. g5 hxg5 18. hxg5 Ne4 19. f4 Ng3 20. Qh7+ Kf7 21.
Bxg7 Qe8 22. Bh6# 1-0

[Event "Memorial Perezzani 2018"]
[Site "?"]
[Date "2018.04.14"]
[Round "2.5"]
[White "Rossi, Gabriele Valerio"]
[Black "De Luca, Stefano"]
[Result "0-1"]
[WhiteElo "1173"]
[BlackElo "1458"]
[PlyCount "96"]
[EventDate "2018.??.??"]

1. e4 d6 2. d3 Nf6 3. Nf3 e5 4. g3 Bg4 5. Bg2 Nc6 6. Be3 Be7 7. O-O O-O 8. c3
d5 9. exd5 Nxd5 10. Na3 Bxa3 11. bxa3 Nxc3 12. Qb3 Ne2+ 13. Kh1 Qf6 14. Ng5 h6
15. Ne4 Qe6 16. Qxb7 Ncd4 17. Bxd4 Nxd4 18. Nc3 c6 19. Qa6 Bh3 20. Rae1 Bxg2+
21. Kxg2 Rfb8 22. Rb1 Nb5 23. Nxb5 Qd5+ 24. Kg1 cxb5 25. a4 b4 26. Qc4 Qa5 27.
Qb3 Kh7 28. Qxf7 Qxa4 29. Qf5+ Kh8 30. Qxe5 Qxa2 31. Qb2 Qxb2 32. Rxb2 a5 33.
Ra1 a4 34. Kf1 Kg8 35. Ke2 Kf7 36. Ke3 Ke6 37. Ke4 b3 38. Ra3 Rb4+ 39. d4 Rc8
40. Kd3 Kd5 41. Ke2 Rxd4 42. Ra1 Rcc4 43. Rd1 Kc5 44. Rd3 Kb4 45. Kd2 Ka3 46.
Rxd4 Rxd4+ 47. Kc3 Rd1 48. f4 Rc1+ 0-1

[Event "Memorial Perezzani 2018"]
[Site "?"]
[Date "2018.04.14"]
[Round "2.6"]
[White "Leo, Giovanni"]
[Black "Peloni, Giuseppe"]
[Result "0-1"]
[WhiteElo "1453"]
[BlackElo "1449"]
[PlyCount "51"]
[EventDate "2018.??.??"]

1. d4 Nf6 2. c4 e5 3. dxe5 Ng4 4. Nf3 Bc5 5. e3 Nc6 6. Be2 O-O 7. O-O Re8 8.
Nc3 Ngxe5 9. b3 Nxf3+ 10. Bxf3 a5 11. Bb2 Ne5 12. Be4 Ra6 13. Qc2 Rh6 14. h3 d6
15. Bf5 Qg5 16. Bxc8 Rxc8 17. Qe4 Rxh3 18. Rfd1 c6 19. Na4 Re8 20. Bxe5 Rxe5
21. Qf4 Rh6 22. Qxg5 Rxg5 23. Nxc5 Rxc5 24. Rd4 Rch5 25. g3 Rh1+ 26. Kg2 0-1

[Event "Memorial Perezzani 2018"]
[Site "?"]
[Date "2018.04.14"]
[Round "2.7"]
[White "Zanetti, Luca"]
[Black "Gazzola, Andrea"]
[Result "1/2-1/2"]
[WhiteElo "1363"]
[BlackElo "1382"]
[PlyCount "57"]
[EventDate "2018.??.??"]

1. e4 d6 2. d4 Nf6 3. Nc3 e5 4. dxe5 dxe5 5. Qxd8+ Kxd8 6. Nf3 Bd6 7. Bc4 Ke8
8. Bd2 a6 9. O-O-O b5 10. Bd5 c6 11. Bb3 b4 12. Ne2 Nxe4 13. Rhf1 Bg4 14. h3
Bxf3 15. gxf3 Nxd2 16. Rxd2 Bc7 17. Rfd1 a5 18. Kb1 a4 19. Bc4 Ke7 20. Ng3 g6
21. Re1 f6 22. Rde2 Rd8 23. f4 Rd4 24. Re4 Rxe4 25. Rxe4 Nd7 26. fxe5 fxe5 27.
Ne2 Rf8 28. f4 g5 29. fxg5 1/2-1/2

[Event "Memorial Perezzani 2018"]
[Site "?"]
[Date "2018.04.14"]
[Round "2.8"]
[White "Fasoli, Michele"]
[Black "Rausse, Leopoldo"]
[Result "1-0"]
[WhiteElo "1328"]
[BlackElo "1458"]
[PlyCount "73"]
[EventDate "2018.??.??"]

1. d4 Nf6 2. c4 e6 3. Nc3 d5 4. Nf3 Bb4 5. Bd2 O-O 6. e3 c6 7. Bd3 Re8 8. O-O
Nbd7 9. Re1 Nb6 10. b3 a6 11. e4 dxe4 12. Nxe4 Bxd2 13. Qxd2 Nxe4 14. Bxe4 Nd7
15. Qc2 f5 16. Bd3 Qf6 17. d5 Nc5 18. Rad1 Nxd3 19. Rxd3 cxd5 20. cxd5 Bd7 21.
Red1 e5 22. Re3 f4 23. Ree1 Bg4 24. Qe4 Bf5 25. Qb4 e4 26. Nd4 Bg4 27. f3 exf3
28. Nxf3 Re3 29. Rxe3 fxe3 30. Qxg4 e2 31. Re1 Qb6+ 32. Qd4 Qb5 33. Qf2 Re8 34.
Nd4 Qxd5 35. Nxe2 Qd2 36. Rf1 Qxe2 37. Qf7+ 1-0

[Event "Memorial Perezzani 2018"]
[Site "?"]
[Date "2018.04.14"]
[Round "2.9"]
[White "Cisco, Alberto"]
[Black "Trigili, Franco"]
[Result "0-1"]
[WhiteElo "1321"]
[BlackElo "1446"]
[PlyCount "94"]
[EventDate "2018.??.??"]

1. e4 b6 2. Nf3 Bb7 3. Nc3 e6 4. a3 Nf6 5. d3 h6 6. g3 d6 7. Bg2 Be7 8. O-O c5
9. e5 dxe5 10. Nxe5 Bxg2 11. Kxg2 Qc8 12. Qf3 Nbd7 13. Nxd7 Nxd7 14. Be3 O-O
15. Rad1 Bf6 16. d4 cxd4 17. Bxd4 Rb8 18. Bxf6 Nxf6 19. Rd2 Qb7 20. Qxb7 Rxb7
21. Rfd1 b5 22. b4 a6 23. f3 Rc7 24. Ne2 Nd5 25. Rc1 Rfc8 26. Nd4 Rc3 27. Nb3
Rxb3 28. Ra1 Rbc3 29. a4 Rxc2 30. Rxc2 Rxc2+ 31. Kh3 Rb2 32. axb5 axb5 33. Ra8+
Kh7 34. Ra7 Kg6 35. Rb7 Rxb4 36. g4 Rb2 37. Kg3 b4 38. h4 b3 39. f4 Nc3 40. Kf3
Nd1 41. Rb6 Rf2+ 42. Ke4 b2 43. f5+ Kf6 44. g5+ hxg5 45. hxg5+ Kxg5 46. fxe6
fxe6 47. Rb4 Rf4+ 0-1

[Event "Memorial Perezzani 2018"]
[Site "?"]
[Date "2018.04.14"]
[Round "2.11"]
[White "Nuzzo, Michele"]
[Black "Bison, Ismaele"]
[Result "0-1"]
[WhiteElo "1316"]
[BlackElo "1356"]
[PlyCount "82"]
[EventDate "2018.??.??"]

1. d4 d5 2. c4 e6 3. Nc3 Nf6 4. a3 c5 5. e3 Nc6 6. Nf3 Bd6 7. Be2 Bd7 8. O-O
O-O 9. Re1 Be7 10. b3 b6 11. Bb2 Na5 12. Ne5 Nc6 13. Nxd7 Nxd7 14. cxd5 exd5
15. Nxd5 Bd6 16. Rc1 Rc8 17. b4 Qg5 18. Bf3 Ne7 19. Nxe7+ Qxe7 20. dxc5 bxc5
21. b5 Nb6 22. Bc6 Rfd8 23. Qg4 f6 24. a4 Qc7 25. Bc3 Nd7 26. Bxd7 Rxd7 27.
Bxf6 Rf8 28. Bh4 Bxh2+ 29. Kh1 Bd6 30. Red1 Rff7 31. Qe6 Bf8 32. Bg3 Rxd1+ 33.
Rxd1 Qe7 34. Qxe7 Rxe7 35. Bd6 Rd7 36. e4 Rxd6 37. Rxd6 Bxd6 38. a5 c4 39. b6
axb6 40. a6 Bb8 41. e5 c3 0-1

[Event "Memorial Perezzani 2018"]
[Site "?"]
[Date "2018.04.14"]
[Round "2.12"]
[White "Venturini, Valter"]
[Black "Scandiuzzi, Roberto"]
[Result "1/2-1/2"]
[WhiteElo "1313"]
[BlackElo "1330"]
[PlyCount "132"]
[EventDate "2018.??.??"]

1. e4 c6 2. d4 d5 3. e5 Bf5 4. Bd3 Bxd3 5. Qxd3 e6 6. c3 c5 7. Nf3 cxd4 8. cxd4
h6 9. O-O Ne7 10. Qb5+ Qd7 11. Qxd7+ Nxd7 12. Nc3 a6 13. Bd2 Ng6 14. g3 Be7 15.
Rac1 O-O 16. Ne2 Rfc8 17. h4 f5 18. h5 Ngf8 19. Kh1 Nh7 20. Nf4 Ndf8 21. Nh3
Rc6 22. Rg1 Rac8 23. Rcd1 Rc2 24. Bc3 g5 25. hxg6 Nxg6 26. Rg2 Ng5 27. Nhxg5
hxg5 28. Rh2 Kg7 29. Kg2 b5 30. a3 g4 31. Ne1 R2xc3 32. bxc3 Rxc3 33. Rd3 Rc4
34. f3 Rc1 35. Kf1 b4 36. a4 a5 37. fxg4 fxg4 38. Rdd2 Bg5 39. Rc2 Be3 40. Rxc1
Bxc1 41. Rc2 Be3 42. Rc7+ Kf8 43. Nc2 Bg5 44. Kf2 Bd8 45. Rb7 Ne7 46. Ne3 Nc6
47. Nc2 Ne7 48. Ke3 Ng6 49. Rd7 Bg5+ 50. Kd3 Be7 51. Ne3 b3 52. Kc3 Bb4+ 53.
Kxb3 Ne7 54. Nxg4 Nc6 55. Nf6 Nxd4+ 56. Kb2 Nc6 57. Ng4 Be1 58. Rd6 Nd4 59. Ra6
Kf7 60. Nf6 Bxg3 61. Rxa5 Bxe5 62. Nd7 Nc6+ 63. Nxe5+ Nxe5 64. Kc3 Ke7 65. Rc5
Kd6 66. Rb5 Nc6 1/2-1/2

[Event "Memorial Perezzani 2018"]
[Site "?"]
[Date "2018.04.14"]
[Round "3.1"]
[White "Di Buono, Giovanni"]
[Black "Pizzamano, Maria"]
[Result "1/2-1/2"]
[WhiteElo "1440"]
[BlackElo "1446"]
[PlyCount "65"]
[EventDate "2018.??.??"]

1. d4 d5 2. Nf3 Nf6 3. Bf4 Bf5 4. e3 c5 5. Bb5+ Nbd7 6. Ne5 a6 7. Bxd7+ Nxd7 8.
O-O e6 9. Nd2 Nxe5 10. Bxe5 f6 11. Bg3 Bd6 12. c3 Bxg3 13. hxg3 c4 14. g4 Bg6
15. Re1 O-O 16. e4 b5 17. Re3 Qd6 18. e5 fxe5 19. Rxe5 Rf6 20. Qe2 Bf7 21. Re1
b4 22. Nf3 Re8 23. Ng5 h6 24. Nxf7 Kxf7 25. Qe3 Re7 26. f4 a5 27. f5 g6 28.
Qxh6 gxf5 29. Qh7+ Ke8 30. Qh8+ Rf8 31. Qh5+ Kd7 32. g5 Rg8 33. Qh6 1/2-1/2

[Event "Memorial Perezzani 2018"]
[Site "?"]
[Date "2018.04.14"]
[Round "3.2"]
[White "De Luca, Stefano"]
[Black "Fonovic, Fabian Pavel"]
[Result "1-0"]
[WhiteElo "1458"]
[BlackElo "1332"]
[PlyCount "51"]
[EventDate "2018.??.??"]

1. d4 e6 2. Bf4 d5 3. Nf3 c5 4. e3 Qb6 5. Na3 Bd7 6. Rb1 Ne7 7. c3 Nf5 8. Bd3
Nd6 9. O-O c4 10. Bc2 Nb5 11. Nxb5 Bxb5 12. Re1 Bd6 13. Ne5 Nd7 14. Nxd7 Bxd7
15. Qf3 Qc7 16. Bxd6 Qxd6 17. e4 O-O 18. e5 Qc7 19. Qh3 h6 20. f4 a5 21. Re3 f5
22. Rg3 Kh7 23. Bd1 b5 24. Rg5 Rh8 25. Bh5 hxg5 26. Bf7# 1-0

[Event "Memorial Perezzani 2018"]
[Site "?"]
[Date "2018.04.14"]
[Round "3.3"]
[White "Peloni, Giuseppe"]
[Black "Mulone, Gaspare"]
[Result "1-0"]
[WhiteElo "1449"]
[BlackElo "1443"]
[PlyCount "91"]
[EventDate "2018.??.??"]

1. e4 e6 2. d4 d6 3. Nf3 Be7 4. Nc3 c6 5. Bd3 Nd7 6. b3 c5 7. d5 e5 8. Nd2 Nb6
9. a4 a5 10. O-O Nf6 11. Nc4 Nxc4 12. bxc4 O-O 13. Ne2 Nd7 14. Ng3 Bg5 15. Nf5
Bxc1 16. Rxc1 Nf6 17. Ng3 Ra6 18. Rb1 Rb6 19. Rb3 Rb4 20. Qa1 Bd7 21. Rxb4 axb4
22. a5 Qa8 23. Ne2 Qa6 24. Nc1 Ra8 25. Nb3 Rb8 26. c3 g6 27. cxb4 cxb4 28. Rd1
b5 29. c5 Re8 30. c6 Bc8 31. Qb2 Re7 32. Qd2 Ne8 33. Qxb4 Rc7 34. Bxb5 Qa7 35.
Qd2 Ba6 36. Bxa6 Qxa6 37. Rb1 Nf6 38. f3 Qa7+ 39. Qf2 Qa8 40. Qb6 Ra7 41. c7
Rb7 42. Qc6 Qc8 43. Qxd6 Nd7 44. Qa3 Qxc7 45. a6 Ra7 46. Qc1 1-0

[Event "Memorial Perezzani 2018"]
[Site "?"]
[Date "2018.04.14"]
[Round "3.4"]
[White "Morandini, Alessandro"]
[Black "Zanetti, Luca"]
[Result "1/2-1/2"]
[WhiteElo "1326"]
[BlackElo "1363"]
[PlyCount "68"]
[EventDate "2018.??.??"]

1. d4 d5 2. Nf3 Nc6 3. e3 Nf6 4. c3 Qd6 5. Bd3 Bg4 6. h3 Bh5 7. Be2 g6 8. g4
Bxg4 9. hxg4 Nxg4 10. Ng5 Nf6 11. Bb5 Bg7 12. Qe2 h6 13. Nf3 O-O-O 14. Bxc6
Qxc6 15. Ne5 Qe6 16. Bd2 Nd7 17. f4 Nxe5 18. fxe5 Rdf8 19. Na3 f6 20. exf6 exf6
21. O-O-O Qe4 22. Qh2 a6 23. Qh4 Qxh4 24. Rxh4 h5 25. Re1 g5 26. Rh2 f5 27.
Reh1 h4 28. Be1 Bf6 29. Bf2 Rh7 30. Nc2 Rfh8 31. Ne1 g4 32. Ng2 h3 33. Nf4 c6
34. Bg3 b6 1/2-1/2